000 00544cab a2200193 4500
001 ABS41501
008 090401t1989 xxu||||| |||| 00| 0 eng d
035 _a(Sirsi) u30606
041 _aeng
100 _aCoomber, M.
245 _aGraphics equaliser
260 _c1989
350 _a0
490 _aBuilding
_v254(7618) 6 October 1989, 76-77(2)
520 _aExamines recent advances in software technology for construction management programmes.
690 _aBUILDING AND CONSTRUCTION-COMPUTERS
942 _n0
948 _c04/03/1997
999 _c20633
_d20633